| 000 | 00549nam a2200217 a 4500 | ||
|---|---|---|---|
| 999 |
_c9054 _d9054 |
||
| 001 | 9054 | ||
| 003 | BD-JhCC | ||
| 005 | 20180307195426.0 | ||
| 008 | 180307b1951 en |||| ||a| 000 0 eng d | ||
| 035 | _a(BD-JhCC) 9054 | ||
| 040 |
_aBD-JhCC _dBD-JhCC |
||
| 041 | _aeng | ||
| 082 |
_a928 _bPLU 1951 |
||
| 100 | _aPlumb, J.H | ||
| 245 |
_aG. M. TREVELYAN / _c J.H.Plumb |
||
| 260 |
_aLondon : _bThe British Council and the National Book League , _c1951 |
||
| 300 |
_a39 p .: _c22 cm . |
||
| 650 | _aBiography | ||
| 942 |
_2ddc _cBK |
||